ਮਗਰ ਤੁਰਦੀਆਂ ਪੈਡਾਂ / (Record no. 109729)

MARC details
000 -LEADER
fixed length control field 00974nam a22002537a 4500
005 - DATE AND TIME OF LATEST TRANSACTION
control field 20170123164142.0
010 ## - LIBRARY OF CONGRESS CONTROL NUMBER
LC control number B-210060
020 ## - INTERNATIONAL STANDARD BOOK NUMBER
International Standard Book Number 8171831575
Terms of availability 150.00
035 ## - SYSTEM CONTROL NUMBER
System control number B-210060
037 ## - SOURCE OF ACQUISITION
Source of stock number/acquisition Cen Lib/Ret
040 ## - CATALOGING SOURCE
Original cataloging agency DPL
Language of cataloging PN
082 ## - DEWEY DECIMAL CLASSIFICATION NUMBER
Classification number 851
Item number ਪ੍ਰੀਤਮਾ
100 ## - MAIN ENTRY--PERSONAL NAME
Personal name ਪ੍ਰੀਤਮਾ
9 (RLIN) 116110
245 ## - TITLE STATEMENT
Title ਮਗਰ ਤੁਰਦੀਆਂ ਪੈਡਾਂ /
Statement of responsibility, etc ਪ੍ਰੀਤਮਾ
246 ## - VARYING FORM OF TITLE
Title proper/short title Magar turdian pairan /
Remainder of title by Pritma
260 ## - PUBLICATION, DISTRIBUTION, ETC. (IMPRINT)
Place of publication, distribution, etc ਦਿੱੱਲੀ
Name of publisher, distributor, etc ਵਿਸ਼ਨ ਚੰਦ ਐਂਡ ਸੰਸ
Date of publication, distribution, etc 2006
270 ## - ADDRESS
Address ਵਿਸਵਾਸ ਨਗਰ ਸ਼ਾਹਦਰਾ
City ਦਿੱੱਲੀ
Postal code 110032
300 ## - PHYSICAL DESCRIPTION
Extent 95p.
Dimensions 22cm(Hb)
650 ## - SUBJECT ADDED ENTRY--TOPICAL TERM
Topical term or geographic name as entry element ਪੰਜਾਬੀ ਸਾਹਿਤ
9 (RLIN) 116111
650 ## - SUBJECT ADDED ENTRY--TOPICAL TERM
Topical term or geographic name as entry element ਪੰਜਾਬੀ ਸਾਹਿਤ- ਕਵਿਤਾਵਾਂ
9 (RLIN) 780
650 ## - SUBJECT ADDED ENTRY--TOPICAL TERM
Topical term or geographic name as entry element Punjabi Literature
9 (RLIN) 781
650 ## - SUBJECT ADDED ENTRY--TOPICAL TERM
Topical term or geographic name as entry element Punjabi Literature- Poetry
9 (RLIN) 6011
942 ## - ADDED ENTRY ELEMENTS (KOHA)
Source of classification or shelving scheme Dewey Decimal Classification
Koha item type Punjabi Bks
Classification part 851
Call number suffix ਪ੍ਰੀਤਮਾ
Holdings
Withdrawn status Lost status Damaged status Not for loan Home library Current library Date acquired Source of acquisition Cost, normal purchase price Total Checkouts Full call number Barcode Date last seen Copy number Cost, replacement price Price effective from Koha item type
        Central Library Central Library 31/12/2015 Cen Lib/Ret 150.00   851 ਪ੍ਰੀਤਮਾ B-210060 31/12/2015 1 150.00 31/12/2015 Punjabi Bks

© Delhi Public Library
Hit Counter
free hit counter